- Novo, Salvador,
Entry Nombre Personal
001 - NUMERO DE CONTROL
- campo de control: 29403
003 - IDENTIFICADOR DE NUMERO DE CONTROL
- campo de control: DLC
005 - FECHA Y HORA DE LA ÜLTIMA TRANSACCIÓN
- campo de control: 20240815113103.0
008 - DATOS DE LONGITUD FIJA
- campo de control de longitud fija: 790629n| azannaabn |n aaa
010 ## - NÚMERO DE CONTROL DE LA BIBLIOTECA DEL CONGRESO
- Número de control LC: n 79056065
035 ## - NUMERO DE CONTROL
- Número de control: (OCoLC)oca00289172
040 ## - FUENTE DE CATALOGACIÓN
- Agencia original de catalogación: DLC
- Lenguaje de catalogación: spa
- Description conventions: rda
- Agencia de transcripción: DLC
- Agencia que lo modifica: DLC
- Agencia que lo modifica: OCoLC
- Agencia que lo modifica: UPB
- Agencia que lo modifica: OCoLC
- Agencia que lo modifica: MX-MxUPN
046 ## - FECHAS CON CODIFICACIÓN ESPECIAL
- Fecha de nacimiento: 1904
- Fecha de muerte: 1974
- Fuente del formato de fecha: edtf
053 #0 - NÚMERO DE CLASIFICACIÓN LC
- Número de clasificación elemento-número único o número inicial de tramo: PQ7297.N7
100 1# - ENCABEZAMIENTO - NOMBRE PERSONAL
- Nombre personal: Novo, Salvador,
- Fechas asociadas con el nombre: 1904-1974
370 ## - LUGAR ASOCIADO
- Place of birth: Ciudad de México
- Place of death: Ciudad de México
374 ## - OCUPACIÓN
- Occupation: Poeta
- Occupation: Ensayista
- Occupation: Dramaturgo
- Occupation: Periodista
377 ## - LENGUA ASOCIADA
- Language code: spa
670 ## - FUENTE EN LA QUE SE LOCALIZARON DATOS
- Cita de la fuente: His Antología de cuentos mexicanos e hispano americanos ... 1923.
670 ## - FUENTE EN LA QUE SE LOCALIZARON DATOS
- Cita de la fuente: Los contemporáneos en El Universal, 2016:
- Información localizada: portada (Salvador Novo) jacket (Salvador Novo (Ciudad de México, 1904-1974); poet, essayist, dramatist and journalist)
670 ## - FUENTE EN LA QUE SE LOCALIZARON DATOS
- Cita de la fuente: Poesía, 1961:
- Información localizada: portada (Salvador Novo)
902 ## - CATALOGADOR
- Catalogador: Víctor Ruiz/150824
